Diccionario castellano de bolsillo

Gardado en:
Detalles Bibliográficos
Autor Principal: Quintana, Alfonso de la (Author)
Autor Corporativo: Real Academía Española (Author)
Formato: Libro
Idioma:Lingua castelá
Publicado: París Garnier Hermanos 1910
Edición:1a. ed
Subjects:
Tags: Engadir etiqueta
Sen Etiquetas, Sexa o primeiro en etiquetar este rexistro!

MARC

LEADER 00000cam a2200000 a 4500
001 UCE4901
003 CL-VaPUC
008 141113e19100000fr |||||||||||||||||spa|d
082 0 4 |a 413.61  |b QUI  |2 21 
100 0 |a Quintana, Alfonso de la  |e author  |9 577372 
110 2 |a Real Academía Española  |e author  |9 577373 
245 1 0 |a Diccionario castellano de bolsillo 
250 |a 1a. ed 
300 |a 690 p 
942 |c BK 
945 |d 20141113 14:00:00  |a arojas 
260 |a París  |b Garnier Hermanos  |c 1910 
650 0 |a Diccionarios  |9 256200 
650 0 |a Diccionario Español   |9 255650 
583 |a last modification  |c 20141113 14:00:00  |k Rodrigo Vera 
999 |c 357757  |d 357755 
952 |0 0  |1 0  |3 erd  |4 0  |6 413_610000000000000_QUI_1910  |7 0  |8 X  |9 465816  |a FDOBUD  |b FDOBUD  |i 5107318  |o 413.61 QUI 1910  |p 5107318  |r 2019-11-23  |w 2019-11-23  |y BK_X  |z Catalogado en:20141113  |k BUD